| 000 | 01938nam0a2200301 4500 | ||
|---|---|---|---|
| 001 | RU\NLR\BIBL_A\011666423 | ||
| 005 | 20181029115823.0 | ||
| 010 |
_a978-5-502-00948-5 _9100 |
||
| 021 |
_aRU _bКН-П-18-013494 _9КН-П-18-0973 |
||
| 035 | _a(NLR Aleph) 011666423 | ||
| 035 | _a(RuMoRGB)009536038 | ||
| 090 |
_a11211507 _c11211507 |
||
| 100 | _a20180328d2017 u y0rusy50 ca | ||
| 101 | 0 | _arus | |
| 102 | _aRU | ||
| 105 | _aa|||j|||000zy | ||
| 200 | 1 |
_aСовременные инструментарии поддержки ситуационного подхода _eучебное пособие для магистров направления подготовки 30100 "Информатика и вычислительная техника" _fП.В. Мисевич _gМинистерство образования и науки Российской Федерации, Федеральное государственное бюджетное образовательное учреждение высшего образования "Нижегородский государственный технический университет им. Р.Е. Алексеева" |
|
| 210 |
_aНижний Новгород _cНижегородский государственный технический университет им. Р.Е. Алексеева _d2017 |
||
| 215 |
_a132 с. _cил., табл. _d20 |
||
| 320 | _aБиблиогр.: с. 125-127 (27 назв.) | ||
| 606 | 1 |
_aСитуационный метод _xПрименение в управлении _jУчебные издания для высших учебных заведений _2nlr_sh1 _2nlr_sh2 _3RU\NLR\AUTH\661321417 |
|
| 686 | 1 | _aУ21(0)03я73 | |
| 700 | 1 |
_aМисевич _bП. В. _gПавел Валерьевич |
|
| 942 | _cBOOK | ||
| 980 | _aNBR | ||
| 980 | _aNB | ||